|
|
|
|
| LEADER |
00000nam a2200000 a 4500 |
| 001 |
vtls001376765 |
| 003 |
SK-MaSNL |
| 005 |
20260302000635.0 |
| 008 |
240318s1999 xo ap r yy slo |
| 015 |
|
|
|a SNBA2000/01-00230
|
| 020 |
|
|
|a 8088910021
|
| 035 |
|
|
|a SNK000330701
|
| 035 |
|
|
|a urn:nbn:sk:snk-amtkab
|
| 035 |
|
|
|a urn:nbn:sk:snk-am00c7hw
|
| 035 |
|
|
|a B49E03C7-04B4-40BA-B7E2-8B9D4AD0B890
|
| 040 |
|
|
|a SNK
|b slo
|c SNK
|e AACR2
|
| 041 |
0 |
|
|a slo
|
| 044 |
|
|
|a xo
|c SK
|
| 080 |
|
|
|a 23
|2 1981
|
| 100 |
1 |
|
|a Stríženec, Michal,
|d 1932-2022
|4 aut
|9 108549
|
| 245 |
1 |
0 |
|a Aktuálne problémy psychológie náboženstva
|c Michal Stríženec
|
| 260 |
|
|
|a Bratislava
|b Ústav experimentálnej psychológie SAV
|c 1999
|
| 300 |
|
|
|a 97 s.
|b tab.
|c 30 cm
|
| 500 |
|
|
|a Obalový názov
|
| 504 |
|
|
|a Bibliogr. s. 90-97
|
| 650 |
0 |
7 |
|a psychológia náboženstva
|2 SNKPH
|9 4052
|
| 655 |
|
7 |
|a monografie
|2 SNKPH
|9 70139
|
| 919 |
|
|
|a 80-88910-02-1
|
| 958 |
|
|
|a OND
|
| 999 |
|
|
|c 980433
|d 982363
|
| 952 |
|
|
|t P60, <03>, [BOOK], {603}
|a SNK
|b SNK
|y PREZ
|7 0
|p 17A0216703
|o snkSB 61112
|i snkKSP 11219/99
|0 0
|1 0
|4 0
|d 1999-11-16
|f 1
|l 0
|r 2025-04-11 00:00:00
|w 2026-02-24
|
| 952 |
|
|
|t P60, <04>, [BOOK], {604}
|a SNK
|b SNK
|y VYP
|7 0
|p 17A0216704
|o snkSB 61112 D1
|i snkKSP 11220/99
|0 0
|1 0
|4 0
|d 1999-11-16
|l 0
|r 2005-01-02 00:00:00
|w 2026-02-24
|